| 000 | 00384nam a2200133Ia 4500 | ||
|---|---|---|---|
| 005 | 20251222144748.0 | ||
| 008 | 251222s9999||||xx |||||||||||||| ||spa|| | ||
| 020 | _a9972-46-309-5 | ||
| 082 | _a001.448.5/M84 | ||
| 100 | _aMontoya Zavaleta, Modesto Edilberto | ||
| 245 | 0 | _aOptimización del Sistema Peruano de Ciencia y Tecnología: | |
| 264 | _bFondo Editorial UNMSM | ||
| 942 | _cLIB | ||
| 999 |
_c19215 _d19215 |
||